000 00288nam a22001337a 4500
008 171102b xxu||||| |||| 00| 0 eng d
020 _a0043350364
041 _aeng
080 _a33
100 _a59
101 _aBIZ
245 _aTHE SOVIET ECONOMIC SYSTEM
_cNOVE,A
942 _2udc
_cBK
999 _c37210
_d37210